| 000 | 01941cam a2200181 4500500 | ||
|---|---|---|---|
| 005 | 20251228094932.0 | ||
| 041 | _afre | ||
| 042 | _adc | ||
| 100 | 1 | 0 |
_aLevécot, Agnès _eauthor |
| 245 | 0 | 0 | _aTransparência esquecível do sentir |
| 260 | _c2010. | ||
| 500 | _a4 | ||
| 520 | _aLa nouvelle italienne Senso (1883) de Camillo Boito livre le récit de la passion et de la trahison de la comtesse Livia à travers la lecture qu’il fait de son carnet secret. Ces lectures en abîme – la sienne et la nôtre – montrent que les voies de la passion sont infinies, difficiles à pénétrer, jouant constamment sur la possible ou l’impossible transparence entre les partenaires eux-mêmes, le couple et la société et, in fine, l’écrivain et ses lecteurs. | ||
| 520 | _aSenso (1883), a novella by Camillo Boito, is about the passion and betrayal of Countess Livia, revealed in her secret diary. This mise en abîme of various instances of reading – hers and ours – show us how infinite and impenetrable the ways of passion are by constantly playing on the possibility or impossibility of a transparent relation between the partners, the couple and society and, finally, the writer and his reader. | ||
| 520 | _aA novela italiana Senso (1983) de Camillo Boito desvenda a narrativa da paixão e traição da condessa Livia através da leitura do seu caderno secreto. Essas leituras especulares, encaixadas umas nas outras (a do autor bem como a nossa), mostram quão infinitos são os caminhos da paixão e quão difíceis são de penetrar, a obra jogando constantemente sobre a possível ou impossível transparência existente entre os próprios parceiros na relação, entre o casal e a sociedade, e, em última análise, entre o escritor e os seus leitores. | ||
| 786 | 0 | _nSigila | 25 | 1 | 2010-03-01 | p. 83-83 | 1286-1715 | |
| 856 | 4 | 1 | _uhttps://shs.cairn.info/revue-sigila-2010-1-page-83?lang=fr&redirect-ssocas=7080 |
| 999 |
_c1605137 _d1605137 |
||